| 000 | 01493cam a2200445Ia 4500 | ||
|---|---|---|---|
| 001 | 96820 | ||
| 005 | 20230411090056.0 | ||
| 008 | 930908s1990 fr a b 001 0 fre d | ||
| 035 | _a(OCoLC)ocm28760414 | ||
| 040 |
_aNOC _cNOC _dOCL _dEL$ _dOCL _dZWZ |
||
| 020 | _a2253061689 (t.1) | ||
| 020 | _a9782253061687 (t.1) | ||
| 020 | _a2253061697 (t.2) | ||
| 020 | _a9782253061694 (t.2) | ||
| 020 | _a2253061700 (t.3) | ||
| 020 | _a9782253061700 (t.3) | ||
| 029 | 1 |
_aAU@ _b000010710153 |
|
| 029 | 1 |
_aZWZ _b017517508 |
|
| 035 | _a(OCoLC)28760414 | ||
| 043 | _ae-sp--- | ||
| 082 | _a909/.09/82205 | ||
| 090 |
_aDE96 _b.B7 1990 |
||
| 049 | _aGRAL | ||
| 100 | 1 | _aBraudel, Fernand. | |
| 245 | 1 | 3 |
_aLa Mediterranee et le monde mediterraneen áa l'epoque de Philippe II / _cFernand Braudel. |
| 250 | _a9. ed. | ||
| 260 |
_aParis : _bA. Colin, _c1990. |
||
| 300 |
_a3 v. : _bill. ; _c18 cm. |
||
| 490 | 0 | _aLivre de poche. References | |
| 504 | _aIncludes bibliographical references and indexes. | ||
| 505 | 0 | _at. 1. La part du milieu -- t. 2. Destins collectifs et mouvements d'ensemble -- t. 3. Les evenements, la politique et les hommes. | |
| 651 | 0 |
_aMediterranean Region _xHistory. |
|
| 650 | 0 |
_aHuman geography _zMediterranean Region. |
|
| 651 | 4 |
_aMediterraneo, Region del _xHistoria |
|
| 651 | 7 |
_aMediterranee (region) _y16e siecle. _2ram |
|
| 651 | 7 |
_aMediterranee (region) _xConditions âeconomiques. _2ram |
|
| 942 |
_2lcc _cbk |
||
| 994 |
_aC0 _bDRFGD |
||
| 946 | _aMF | ||
| 999 |
_c112039 _d112039 |
||